|
|
|
|
| LEADER |
00000cam a2200000 7i4500 |
| 001 |
0000033697 |
| 005 |
20220105104115.0 |
| 008 |
120924 |
| 020 |
|
|
|a 7543473737
|
| 090 |
0 |
0 |
|a JP
|b CHI
|
| 100 |
1 |
|
|a Browne, Anthony
|
| 245 |
1 |
0 |
|a Xing zhuang you xi (Chinese)
|c wen tu Andongni Bulang
|f fan yi Song Pei
|
| 246 |
1 |
0 |
|a Shape game
|
| 260 |
|
|
|a Shijiazhuang :
|b Hubei jiao yu chu ban she ,
|c 2010
|
| 440 |
|
|
|a Qi fa jing xuan guo ji da shi ming zuo hui ben
|
| 500 |
|
|
|a Children age 4-6 years old (yellow)
|
| 700 |
1 |
|
|a Song, Pei
|
| 999 |
|
|
|a 0001158303
|b Book
|c Chinese Collection
|e Perbadanan Perpustakaan Awam Johor
|